| 000 | 00538nam a2200181 4500 | ||
|---|---|---|---|
| 001 | 3493 | ||
| 005 | 20181127171323.0 | ||
| 010 | 0 | 0 | _a |
| 020 | 0 | 0 | _a108183332161 |
| 090 | 0 | 0 | _a657.02853 N135i 2011 |
| 100 | 0 | 0 | _aNadhani, A K. |
| 245 | 0 | 0 |
_aImplementing Tally 9 : _bincludes Tally ERP 9 features and enhancements / _cA K Nadhani, K K Nadhani. _h |
| 250 | 0 | 0 | _a |
| 260 | 0 | 0 |
_aNew Delhi : _bBPB Publications, _c2011. |
| 300 | 0 | 0 | _av. ; 23 cm. |
| 650 | 0 | 0 |
_aComputer software --Accounting. _x |
| 650 | 0 | 0 |
_aElectronic data processing --Accounting. _x |
| 999 |
_c2834 _d2834 |
||